000 01331nam0a22002531 4500
001 rc\753749
005 20040301142431.1
035 _a(NLR Aleph) 006281953
090 _a7059032
_c7059032
100 _a20040301d1985 u |0rusy50 ca
101 0 _arus
102 _aRU
105 _ay |||||||||
200 1 _aФормы социалистического самоуправления и кооперативная собственность в непроизводственной сфере: вопросы сравнительного анализа
_eПрепр. докл. для III Лет. сов.-пол. шк. мол. ученых-экономистов, июнь 1985 г., Москва
_fК. э. н. А.А. Глушецкий
210 _aМ.
_cБ. и.
_d1985
215 _a[1], 11 с.
_d20
300 _aВ надзаг.: Ин-т экономики АН СССР, Экон. секция сов.-пол. комис. АН СССР и ПАН в обл. обществ. наук
700 1 _aГлушецкий
_bА. А.
_gАндрей Анатольевич
712 1 2 _aЛетняя советско-польская школа молодых ученых-экономистов
_d3
_f1985
_eМосква
801 0 _aRU
_bNLR
_gpsbo
801 1 _aRU
_bELAR
_2rusmarc
852 _aNLR
_j85-4/32684
942 _cBOOK
980 _aNB